Sušenie v potravinárskom priemysle

Bibliographic Details
Main Author: Šepitka, Andrej, 1930-1994 (Author)
Format: Book
Language:Slovak
PhysicalDescription:261 s., 22,74 AH Sch. Tb. 24 cm
Published: Bratislava Alfa 1984
Edition:1. vyd.
Series:Edícia potravinárskej literatúry

MARC

LEADER 00000nam a2200000 a 4500
001 vtls001119513
003 SK-MaSNL
005 20260301151309.0
008 250414s1984 xo 0 slo
015 |a SNBA1984/09 
035 |a SNK000062356 
040 |a SNK  |b slo  |c SNK  |e AACR2 
041 0 |a slo 
044 |a xo  |c SK 
080 |a 663/664.047(035)  |2 1981 
100 1 |a Šepitka, Andrej,  |d 1930-1994  |4 aut  |9 239954 
245 1 0 |a Sušenie v potravinárskom priemysle  |c Andrej Šepitka ; Peter Galvánek 
250 |a 1. vyd. 
260 |a Bratislava  |b Alfa  |c 1984  |e Bratislava  |f Svornosť 
300 |a 261 s., 22,74 AH  |b Sch. Tb.  |c 24 cm 
366 |e 500 výtl. 
490 0 |a Edícia potravinárskej literatúry 
500 |a Lit. 283. Ilustr. na predsádkach. 283 zázn. v slov., češ., ruš., nem. a angl. 
700 1 |a Galvánek, Peter,  |d 1953-  |4 bkd  |9 203012 
852 |a Slovenská národná knižnica 
954 |a priemysel potravinársky  |a sušenie 
958 |a OND 
958 |a NB 
958 |a TL 
999 |c 786216  |d 788146 
952 |t P60, <04>, [BOOK], {604}  |a SNK  |b SNK  |y VYP  |7 0  |p 17A0155354  |o snkSC 61573 D1  |0 0  |1 0  |4 0  |d 1998-08-26  |l 0  |r 2004-12-31 00:00:00  |w 2026-02-24 
952 |a SNK  |b SNK  |y PREZ  |7 0  |p 17A0914487  |o snkSC 61573  |0 0  |1 0  |4 0  |d 2012-08-09  |l 0  |r 2025-06-16 00:00:00  |w 2026-02-24